Vainqueurs du Tournoi des Six Nations U20. (2008 - …) - Statistiques

Statistiques générales
  • Ce quiz a été pris 532 fois
    28 depuis la dernière actualisation
  • Le résultat moyen est 15 sur 18
Statistiques - réponses
Année Vainqueur % Correct
2026 France
100%
2025 France
96%
2024 Angleterre
92%
2023 Irlande
88%
2022 Irlande
88%
2018 France
85%
2019 Irlande
85%
2021 Angleterre
85%
2017 Angleterre
85%
2016 Pays de Galles
77%
2014 France
77%
2009 France
77%
2010 Irlande
77%
2015 Angleterre
77%
2013 Angleterre
77%
2012 Angleterre
77%
2011 Angleterre
77%
2008 Angleterre
77%
Aucun quiz correspondant
Distribution des résultats
% des personnes avec chaque résultat
Percentile par nombre de réponses
Votre historique - résultats
Vous n’avez pas pris ce quiz depuis la dernière actualisation